1379 1111 1653 1179 1264 1871 1242 1631 1237 1569 1051 1898 1519 1366 1271 1096 1917 1050 1129 1739 1653 1014 1798 1588 1808 1079 1794 1160 1543 1552 1088 1465 1856 1575 1744 1379 1923 1291 1039 1756 1037 1708 1811 1143 1394 1168 1344 1488 1148 1185 1376 1288 1959 1019 1460 1846 1610 1328 1420 1774 1167 1297 1576 1711 1849 1616 1461 1525 1484 1417 1319 1441 1816 1348 1239 1050 1065 1919 1134 1365 1526 1208 1886 1407 1277 1313 1087 1524 1522 1139 1995 1168 1538 1701 1716 1655 1046 1230 1596 BCNSPRNW ULIB Ver.6.0+V

เปลี่ยนเป็นภาษาไทย

Change to English
 แสดงรายละเอียดบรรณานุกรม
  กลับหน้าหลัก

Brief Record : Get Marc (ISO 2709) : E-mail record : QR code < ปิดหน้าต่าง
LEADER : 00000nam 2200000uu 4500
001    13399122727
003     ULIB
008    020711s2555 th a 000 0 tha d
020    9786162132148
050  4 DS520^bส834ส
100    สุภฤกษ์ บุญทอง
245    สวัสดี...เมืองไทย/^cสุภฤกษ์ บุญทอง
250    พิมพ์ครั้งที่ 1
260    กรุงเทพฯ :^bสกายบุ๊กส์,^c2555
300    72 หน้า
440  0 ชุด ประชาคมอาเซียนฉบับการ์ตูน
650  7 อาเซียน^xเสริมความรู้
650  7 ไทย
945    ^p119^l0^i20169
999    ^aทศพร เกษรทอง
รายการนี้ยังไม่มีแท็ก
คุณยังไม่ได้ล็อกอิน คุณสามารถมีกิจกรรมร่วมกับเว็บไซต์ได้ แต่ต้องล็อกอินก่อน ::
  ล็อกอิน

รายการสื่อสารสนเทศ

ลำดับที่ ประเภท เลขเรียก/บาร์โค้ด สถานที่ สถานะ
1. การศึกษาทั่วไป
การศึกษาทั่วไป
DS520 ส834ส ฉ.1 
  Barcode: 20169
ห้องสมุดวิทยาเขตนครสวรรค์
►หนังสือทั่วไป:l:General Books
บนชั้น

รายการใกล้เคียง
    ผู้แต่ง [สุภฤกษ์ บุญทอง]

    หัวเรื่อง [ไทย]

BibComment


ยังไม่เคยถูกคอมเมนท์

คอมเมนท์ทรัพยากรรายการนี้
  คอมเมนท์: สวัสดีเมืองไทย สุ..


 Copyright 2026. Bcnsprnw @Library